Normal view
MARC view
- Sloterdijk, Peter,
Entry Personal Name
001 - CONTROL NUMBER
- control field: 61933
003 - CONTROL NUMBER IDENTIFIER
- control field:
005 - DATE AND TIME OF LATEST TRANSACTION
- control field: 20250321120232.0
008 - FIXED-LENGTH DATA ELEMENTS
- fixed length control field: 250321|| aca||aabn | a|a d
040 ## - CATALOGING SOURCE
- Original cataloging agency:
- Transcribing agency:
100 ## - HEADING--PERSONAL NAME
- Personal name: Sloterdijk, Peter,
- Dates associated with a name: 1947-
670 ## - SOURCE DATA FOUND
- Source citation: Work cat.: ()360458: Sloterdijk, Peter, 1947-, Critica della ragion cinica /, 2013.